Manual de teoría económica / (Record no. 148271)

MARC details
000 -LEADER
campo de control de longitud fija 00592nam a2200181 4500
001 - NÚMERO DE CONTROL
campo de control 148271
003 - IDENTIFICADOR DE NÚMERO DE CONTROL
campo de control ES-MaACL
005 - FECHA Y HORA DE LA ÚLTIMA TRANSACCIÓN
campo de control 20230906202528.0
007 - CAMPO FIJO DE DESCRIPCIÓN FÍSICA--INFORMACIÓN GENERAL
campo de control de longitud fija t|
008 - DATOS DE LONGITUD FIJA--INFORMACIÓN GENERAL
campo de control de longitud fija 070214s1963 sp r ||||1| spa d
100 1# - ENTRADA PRINCIPAL--NOMBRE DE PERSONA
Nombre de persona Stonier, Alfred W.
9 (RLIN) 108317
245 10 - MENCIÓN DEL TÍTULO
Título Manual de teoría económica /
Mención de responsabilidad, etc. Alfred W. Stonier, Douglas C. Hagne ; traducción del inglés por Oscar Lehanc Dasc.
260 ## - PUBLICACIÓN, DISTRIBUCIÓN, ETC.
Lugar de publicación, distribución, etc. Madrid :
Nombre del editor, distribuidor, etc. Aguilar,
Fecha de publicación, distribución, etc. [1963] (
Fabricante Halar)
300 ## - DESCRIPCIÓN FÍSICA
Extensión XX, 525 p. ;
Dimensiones 24 cm.
700 1# - ENTRADA AGREGADA--NOMBRE PERSONAL
Nombre de persona Hagne, Douglas C.
9 (RLIN) 61463
700 1# - ENTRADA AGREGADA--NOMBRE PERSONAL
Nombre de persona Lehanc Dasc, Oscar.
9 (RLIN) 71321
852 ## - LOCALIZACIÓN
Ubicación ES-MaACL
Número de control de estantería C-23630
Sublocalización o colección R.52469
Holdings
Estatus retirado Estado de pérdida Estado de daño No para préstamo Biblioteca de origen Biblioteca actual Ubicación en estantería Fecha de adquisición Fuente de adquisición Total de préstamos Signatura topográfica completa Código de barras Visto por última vez Precio de reemplazo Tipo de ítem Koha
        Biblioteca del Ateneo de Madrid Biblioteca del Ateneo de Madrid Depósito 2 17/01/2008     C-23630 1154733 23/02/2023 23/02/2023 Libro impreso